00357nam a2200133 a 45000010010000000030011000100080041000210350026000620820016000881000020001042450025001242600049001496500025001980000-9256ELIB.Books110520 1995  a(ELIB.Books)0000-9408 a220.6 bVoe aVoelz, James W. aWhat Does This Mean? bSt. Louis: Concordia Publishing House c1995 aBible - Interpreting